| 000 | 00638nam a2200265 4500 | ||
|---|---|---|---|
| 001 | 00161232 | ||
| 003 | DO-SdBNP | ||
| 005 | 20160412132743.0 | ||
| 007 | 00161232 | ||
| 008 | 850709s19uu sp a 0001 spa | ||
| 016 | 7 |
_a _z _2BPMSU |
|
| 017 |
_a _b |
||
| 020 | _a | ||
| 035 | _a | ||
| 040 |
_aBPMSU _bspa _cBPMSU _e |
||
| 080 | _a | ||
| 100 | 1 | _aAllen, Edward S. | |
| 245 | 1 | 0 |
_aTablas matemáticas con seis decimales / _c Edward S. Allen |
| 250 | _a | ||
| 260 |
_a[s.l _b s.n. _c1985] |
||
| 300 |
_a239 p. : _bil. ; _c17 cm |
||
| 650 | 7 |
_a _v _2 |
|
| 942 |
_2ddc _cBK |
||
| 956 |
_aVMATEO _210 _320160412 _6BPMSU _80069 |
||
| 999 |
_c9714 _d9714 |
||